LEARNING TO LEARN (Record no. 45754)
[ view plain ]
| 000 -LEADER | |
|---|---|
| fixed length control field | 00269nam a2200121Ia 4500 |
| 008 - FIXED-LENGTH DATA ELEMENTS--GENERAL INFORMATION | |
| fixed length control field | 240801s9999 xx 000 0 und d |
| 082 ## - DEWEY DECIMAL CLASSIFICATION NUMBER | |
| Item number | SHA-L |
| 100 ## - MAIN ENTRY--PERSONAL NAME | |
| Personal name | SHARMA O.P |
| 245 #0 - TITLE STATEMENT | |
| Title | LEARNING TO LEARN |
| 260 ## - PUBLICATION, DISTRIBUTION, ETC. | |
| Place of publication, distribution, etc. | ANURADHA PUB. NEW DELHI |
| 300 ## - PHYSICAL DESCRIPTION | |
| Extent | 76 |
| 942 ## - ADDED ENTRY ELEMENTS (KOHA) | |
| Koha item type | Donated Books |
| Withdrawn status | Lost status | Damaged status | Not for loan | Collection code | Permanent Location | Current Location | Shelving location | Date acquired | Full call number | Barcode | Date last seen | Price effective from | Koha item type |
|---|---|---|---|---|---|---|---|---|---|---|---|---|---|
| School of Humanities (Noida) | Maharishi School of Science & Humanities (Lucknow) | Maharishi School of Science & Humanities (Lucknow) | R67S4 | 2024-08-01 | 800 | DB9134 | 2024-08-01 | 2024-08-01 | Reference Book |